Network flows and monotropic optimization /
Guardado en:
| Autor Principal: | |
|---|---|
| Formato: | Libro |
| Idioma: | English |
| Publicado: |
New York :
Wiley,
c1984.
|
| Series: | Pure and applied mathematics (John Wiley & Sons)
|
| Materias: | |
| Etiquetas: |
Agregar Etiqueta
Sin Etiquetas, Sea el primero en etiquetar este registro!
|
| LEADER | 01262cam a2200289 a 4500 | ||
|---|---|---|---|
| 001 | MAT.inmabb003538 | ||
| 008 | 831116s1984####nyua#####b####001#0#eng## | ||
| 005 | 20130222113659.0 | ||
| 245 | 1 | 0 | |a Network flows and monotropic optimization / |c R. T. Rockafellar. |
| 260 | |a New York : |b Wiley, |c c1984. | ||
| 300 | |a xiii, 616 p. : |b il. ; |c 24 cm. | ||
| 490 | 1 | |a Pure and applied mathematics | |
| 500 | |a "A Wiley-Interscience publication." | ||
| 504 | |a Bibliografía: p. 602-610. | ||
| 505 | 0 | |a 1. Networks -- 2. Paths and cuts -- 3. Flows and capacities -- 4. Analysis of flows -- 5. Matching theory and assignment problems -- 6. Potentials and spans -- 7. Networks with linear costs -- 8. Optimal flows and potentials -- 9. Algorithms for convex costs -- 10. Linear systems of variables -- 11. Monotropic programming. | |
| 510 | 4 | |a MR, |c 86d:90156 | |
| 020 | |a 0471880787 | ||
| 100 | 1 | |a Rockafellar, R. Tyrrell, |d 1935- | |
| 830 | 0 | |a Pure and applied mathematics (John Wiley & Sons) | |
| 650 | 0 | |a Network analysis (Planning) | |
| 650 | 0 | |a Duality theory (Mathematics) | |
| 650 | 0 | |a Convex programming. | |
| 650 | 0 | |a Linear programming. | |
| 084 | |a 90C35 (90C25) |2 MR | ||
| 010 | |a 83023478 | ||
| 040 | |a DLC |c DLC |d DLC | ||
| 859 | |h 90 |i R682 |p A-6139 |b BIB. MATEMATICA | ||
